Najpopularniejsze strony internetowe 2023 w PL - Statystyki

Ogólne statystyki
  • Ten quiz został rozwiązany 1 334 razy
  • Średni wynik to 9 z 30
Statystyki odpowiedzi
M. Strona % Poprawnych
1 Google.com
86%
8 Google.pl
86%
3 Facebook.com
83%
2 YouTube.com
82%
12 Instagram.com
73%
23 PornHub.com
62%
6 Allegro.pl
49%
5 Onet.pl
47%
4 Wp.pl
46%
13 Twitter.com
45%
9 Olx.pl
40%
7 Interia.pl
37%
27 Netflix.com
34%
11 Wikipedia.org
33%
22 Otomoto.pl
20%
17 Gazeta.pl
18%
10 o2.pl
18%
29 Cda.pl
17%
14 Pudelek.pl
10%
16 Tvn24.pl
10%
20 Ceneo.pl
9%
24 Filmweb.pl
7%
18 Wykop.pl
7%
21 Mediaexpert.pl
6%
30 Sport.Interia.pl
6%
25 Sport.pl
6%
15 Money.pl
5%
26 Fakt.pl
4%
28 Medonet.pl
2%
19 Businessinsider.com.pl
1%
Nie znaleziono quizów pasujących do podanych kryteriów
Rozkład punktacji
Procent ludzi z każdym wynikiem
Percentyl według liczby udzielonych odpowiedzi
Twoja historia wyników
Nie rozwiązałeś tego quizu